Angielski słówka rozdział 2 - Statystyki

Ogólne statystyki
  • Ten quiz został rozwiązany 12 razy
    4 od ostatniego zresetowania
  • Średni wynik to 6 z 47
Statystyki odpowiedzi
PO POLSKU PO ANGIELSKU % Poprawnych
karmnik bird feeder
50%
podjazd drive
50%
poręcz bannister
25%
poidełko birdbath
25%
miotła broom
25%
dom parterowy bungalow
25%
świecznik candlestick
25%
żyrandol chanderiel
25%
wyłączyć z użycia close off
25%
przekształcić/zaadaptować convert
25%
wilgoć damp
25%
zamek ryglowy deadlock
25%
futryna doorframe
25%
klamka door handle
25%
Przerzucić/przewrócić na drugą stronę Flip
25%
Drzwi antywłamaniowe High security door
25%
Poszewka na poduszkę Pillowcase
25%
Puf Pouf
25%
przestronny spacious
25%
próg threshold
25%
pomieszczenie gospodarcze utility room
25%
garderoba walk-in wardrobe
25%
wieszak na ubrania coat rack
0%
karnisz curtain rod
0%
pionowe okno/poddaszowe dormer window
0%
szufelka dustpain
0%
poszewka na kołdrę duvet cover
0%
Okap kuchenny Extractor hood
0%
Krzesło składane Folding chair
0%
Palnik gazowy Gas ring
0%
Rynna Gutter
0%
Zawias Hinge
0%
Płyta kuchenna Hob
0%
Abażur Lampshade
0%
Bateria, kran z mieszaczem Mixer tap
0%
Firanka Net curtain
0%
Spiżarnia Pantry, larder
0%
Wizjer, judasz Peephole
0%
Ganek, weranda Porch
0%
Ozdobna poduszka Scatter cushion
0%
kabina prysznicowa shower cubicle
0%
skrzypieć, piszczeć squeak
0%
kawalerka studio apartment
0%
pudełko plastikowe tupperware box
0%
umywalka washbasin
0%
szyba okienna window pane
0%
piwnica/piwniczka z winami wine cellar
0%
Nie znaleziono quizów pasujących do podanych kryteriów
Rozkład punktacji
Procent ludzi z każdym wynikiem
Percentyl według liczby udzielonych odpowiedzi
Twoja historia wyników
Nie rozwiązałeś tego quizu od ostatniego zresetowania